000
00242 a2200097 4500
001
14128
100
_a
Bright J.A
245
_a
Teaching English as a 2nd language
260
_a
London
_b
English language book society
_c
090
_c
11072
_d
11072
942
_a
NUST-CAE
_c
M
_c
1195
999
_c
249201
_d
249201